00472 2200193 4500001002100000005001500021008004100036020002200077035001900099041000700118082001200125090001800137100002400155245002800179260002800207300002700235500000600262650001000268INLIS00000000000706620241224113414241224||||||||| | ||| |||| || |  a978-602-84-5884-9 0010-1224007066 aid0 a297.266 a297.266 ERW m0 aErwin Kurnia Wijaya00aMagic Memory for Muslim bPulpen Publishingc2016 a360 hlm.; 14,5 x 22 cm a1 0aAgama